Kreativita v manažmente

Guardado en:
Detalles Bibliográficos
Autor principal: Suntingerová, Ľudmila
Autor Corporativo: Ekonomická univerzita v Bratislave. Fakulta podnikového manažmentu
Formato: Libro
Lenguaje:eslovaco
Publicado: Bratislava Vydavateľstvo EKONÓM 2004
Materias:
Etiquetas: Agregar Etiqueta
Sin Etiquetas, Sea el primero en etiquetar este registro!

MARC

LEADER 00000nam$a2200000$$$4500
001 0006621
005 20240502071351.2
020 |a 80-225-1796-8 
041 0 |a slo 
044 |a SK 
245 1 0 |a Kreativita v manažmente  |c Ľudmila Suntingerová 
264 1 |a Bratislava  |b Vydavateľstvo EKONÓM  |c 2004 
300 |a 109 s. 
610 2 0 |a manažment 
610 2 0 |a kreativita 
610 2 0 |a manažment personálny 
610 2 0 |a motivácia 
610 2 0 |a motivácia pracovná 
100 1 |a Suntingerová, Ľudmila 
710 2 |a Ekonomická univerzita v Bratislave. Fakulta podnikového manažmentu